[Event "Abe Yanofsky mem U1800"]
[Site "Winnipeg CAN"]
[Date "2011.08.07"]
[Round "4"]
[White "Swift, Ryne"]
[Black "Trinidad, Kris"]
[Result "1/2-1/2"]
[WhiteElo "1768"]
[BlackElo "1570"]
[PlyCount "74"]
[GameId "2160767909649133"]
[EventDate "2011.08.05"]
[EventType "swiss"]
[EventRounds "5"]
[EventCountry "CAN"]
[SourceTitle "EXT 2022"]
[Source "ChessBase"]
[SourceDate "2021.10.06"]
[SourceVersion "1"]
[SourceVersionDate "2021.10.06"]
[SourceQuality "1"]

1. e4 c5 2. Nf3 Nc6 3. d4 cxd4 4. Nxd4 Nf6 5. Nc3 g6 6. Be3 Bg7 7. f3 O-O 8. Bc4 d6 9. O-O Bd7 10. Re1 Ne5 11. Bb3 Rc8 12. Nd5 Nxd5 13. Bxd5 e6 14. Bb3 Nc4 15. Bxc4 Rxc4 16. c3 Qe7 17. Qd3 Rfc8 18. Rac1 e5 19. Nc2 Be6 20. Red1 Bf8 21. Nb4 b6 22. b3 R4c7 23. c4 Qd7 24. Nd5 Bxd5 25. cxd5 f5 26. Rxc7 Rxc7 27. Rc1 f4 28. Bd2 Be7 29. Rxc7 Qxc7 30. Qc4 Qxc4 31. bxc4 Kf8 32. Kf2 Ke8 33. Ke2 Kd7 34. g3 g5 35. g4 Kc7 36. Kd3 Kb7 37. Kc3 a5 1/2-1/2

[Event "Abe Yanofsky mem U1800"]
[Site "Winnipeg CAN"]
[Date "2011.08.07"]
[Round "4"]
[White "Trueman, Francis"]
[Black "Leaden, Bruce"]
[Result "1-0"]
[WhiteElo "1447"]
[BlackElo "1502"]
[PlyCount "57"]
[GameId "2160767909649134"]
[EventDate "2011.08.05"]
[EventType "swiss"]
[EventRounds "5"]
[EventCountry "CAN"]
[SourceTitle "EXT 2022"]
[Source "ChessBase"]
[SourceDate "2021.10.06"]
[SourceVersion "1"]
[SourceVersionDate "2021.10.06"]
[SourceQuality "1"]

1. Nf3 d5 2. d3 Nc6 3. Nbd2 e5 4. e4 d4 5. h4 Bd6 6. g3 Nge7 7. Bg2 O-O 8. O-O Bd7 9. Nc4 Bb4 10. Ncxe5 Nxe5 11. Nxe5 Be6 12. Bd2 Bxd2 13. Qxd2 f6 14. Nf3 c5 15. Qe2 Qd7 16. h5 Bh3 17. Rfe1 Bxg2 18. Kxg2 Qb5 19. e5 Nd5 20. e6 Rfe8 21. a4 Qc6 22. b3 h6 23. Kg1 Re7 24. Nh4 Rae8 25. Qg4 Rxe6 26. Rf1 Qc7 27. Nf5 Re5 28. Rad1 Qd7 29. Nxh6+ 1-0

[Event "Abe Yanofsky mem U1800"]
[Site "Winnipeg CAN"]
[Date "2011.08.07"]
[Round "4"]
[White "Villeneuve, Justin"]
[Black "Schwartz, Leah"]
[Result "1/2-1/2"]
[WhiteElo "1206"]
[BlackElo "1343"]
[PlyCount "127"]
[GameId "2160767909649135"]
[EventDate "2011.08.05"]
[EventType "swiss"]
[EventRounds "5"]
[EventCountry "CAN"]
[SourceTitle "EXT 2022"]
[Source "ChessBase"]
[SourceDate "2021.10.06"]
[SourceVersion "1"]
[SourceVersionDate "2021.10.06"]
[SourceQuality "1"]

1. e4 c5 2. Nf3 d6 3. d4 cxd4 4. Nxd4 Nf6 5. Nc3 g6 6. Be2 Bg7 7. O-O O-O 8. Kh1 Nc6 9. Nb3 Be6 10. f4 Qc7 11. f5 Bxb3 12. axb3 Rad8 13. Be3 b6 14. Bb5 Ne5 15. Nd5 Nxd5 16. exd5 Rde8 17. c3 h5 18. fxg6 fxg6 19. Qd2 Rf7 20. Rxf7 Kxf7 21. Rf1+ Kg8 22. Bh6 Bh8 23. Bd3 Kh7 24. Bf4 Rf8 25. Bxe5 Rxf1+ 26. Bxf1 Bxe5 27. g3 Qd7 28. Qg2 e6 29. dxe6 Qxe6 30. Bc4 Qf5 31. b4 Qb1+ 32. Bf1 g5 33. h4 gxh4 34. gxh4 d5 35. Kg1 d4 36. Qb7+ Kh6 37. Qc6+ Qg6+ 38. Qxg6+ Kxg6 39. cxd4 Bxd4+ 40. Kg2 Bf6 41. Kh3 Bxb2 42. Ba6 Bc3 43. b5 Bf6 44. Kg3 Kh6 45. Kh3 Be5 46. Kg2 Kg6 47. Bc8 Kf6 48. Kh3 Ke7 49. Ba6 Kd6 50. Kg2 Kc5 51. Kh3 Bf6 52. Kg3 Kb4 53. Kh3 Ka5 54. Kg3 Be5+ 55. Kh3 Bd6 56. Kg2 Be5 57. Kh3 Bd6 58. Kg2 Ka4 59. Kh3 Kb4 60. Kg2 Ka4 61. Kh3 Ka5 62. Kg2 Bb4 63. Kh2 Bd6+ 64. Kh3 1/2-1/2

[Event "Abe Yanofsky mem U1800"]
[Site "Winnipeg CAN"]
[Date "2011.08.07"]
[Round "4"]
[White "Wolchock, Theo"]
[Black "Campbell, Gary"]
[Result "0-1"]
[WhiteElo "1683"]
[BlackElo "1698"]
[PlyCount "66"]
[GameId "2160767909649136"]
[EventDate "2011.08.05"]
[EventType "swiss"]
[EventRounds "5"]
[EventCountry "CAN"]
[SourceTitle "EXT 2022"]
[Source "ChessBase"]
[SourceDate "2021.10.06"]
[SourceVersion "1"]
[SourceVersionDate "2021.10.06"]
[SourceQuality "1"]

1. c4 b6 2. Nc3 Nf6 3. Nf3 Bb7 4. g3 e6 5. Bg2 c5 6. O-O d5 7. d3 d4 8. Nb1 Bd6 9. Bg5 O-O 10. Nbd2 h6 11. Bxf6 Qxf6 12. Qc2 Nd7 13. a3 a5 14. Qb3 a4 15. Qc2 e5 16. Nh4 Bxg2 17. Kxg2 Qe6 18. Ne4 Be7 19. Nf3 f5 20. Ned2 Nf6 21. Ng1 e4 22. Nh3 Bd6 23. Rae1 e3 24. Nf3 Ng4 25. Kg1 f4 26. Qc1 exf2+ 27. Nxf2 Ne3 28. Qd2 fxg3 29. hxg3 Bxg3 30. Qc1 Qg6 31. Kh1 Rf5 32. Kg1 Bd6+ 33. Kh1 Qg2# 0-1

[Event "Abe Yanofsky mem U1800"]
[Site "Winnipeg CAN"]
[Date "2011.08.07"]
[Round "5"]
[White "Baron, Cody"]
[Black "Leaden, Bruce"]
[Result "0-1"]
[WhiteElo "1327"]
[BlackElo "1502"]
[PlyCount "90"]
[GameId "2160767909649137"]
[EventDate "2011.08.05"]
[EventType "swiss"]
[EventRounds "5"]
[EventCountry "CAN"]
[SourceTitle "EXT 2022"]
[Source "ChessBase"]
[SourceDate "2021.10.06"]
[SourceVersion "1"]
[SourceVersionDate "2021.10.06"]
[SourceQuality "1"]

1. e4 e5 2. Nf3 Nc6 3. Nc3 Bc5 4. Bc4 Nf6 5. Ng5 O-O 6. O-O d6 7. h3 Bb4 8. Ne2 h6 9. Nxf7 Rxf7 10. Bxf7+ Kxf7 11. d3 Be6 12. Bd2 Bc5 13. b3 Kg8 14. c4 Nd4 15. Be3 Nxe2+ 16. Qxe2 Bxe3 17. Qxe3 c5 18. f3 Qe7 19. g4 Nh7 20. f4 exf4 21. Qxf4 Rf8 22. Qg3 Rxf1+ 23. Kxf1 Qf6+ 24. Kg2 Qxa1 25. Qxd6 Qxa2+ 26. Kg3 Bf7 27. Qxc5 Qxb3 28. Qe3 a5 29. Kf3 Bxc4 30. dxc4 Qxe3+ 31. Kxe3 a4 32. e5 Kf7 33. Kd4 a3 34. Kd5 Ke7 35. c5 a2 36. c6 bxc6+ 37. Kxc6 a1=Q 38. e6 Qd4 39. g5 Nxg5 40. h4 Nxe6 41. h5 Qc4+ 42. Kb6 Kd6 43. Ka5 Qb3 44. Ka6 Kc6 45. Ka7 Qb7# 0-1

[Event "Abe Yanofsky mem U1800"]
[Site "Winnipeg CAN"]
[Date "2011.08.07"]
[Round "5"]
[White "Campbell, Gary"]
[Black "Remillard, John"]
[Result "1-0"]
[WhiteElo "1698"]
[BlackElo "1574"]
[PlyCount "53"]
[GameId "2160767909649139"]
[EventDate "2011.08.05"]
[EventType "swiss"]
[EventRounds "5"]
[EventCountry "CAN"]
[SourceTitle "EXT 2022"]
[Source "ChessBase"]
[SourceDate "2021.10.06"]
[SourceVersion "1"]
[SourceVersionDate "2021.10.06"]
[SourceQuality "1"]

1. d4 d5 2. c4 dxc4 3. Nc3 c6 4. a4 e6 5. e3 Bb4 6. Bxc4 Ne7 7. Nge2 Nd5 8. O-O O-O 9. e4 Nxc3 10. bxc3 Be7 11. Bf4 Bg5 12. Bxg5 Qxg5 13. f4 Qe7 14. Ng3 b6 15. Qe2 a5 16. Rab1 Qc7 17. e5 Ba6 18. Bxa6 Nxa6 19. f5 exf5 20. Nxf5 c5 21. Qg4 g6 22. Qg5 Ra7 23. Nh6+ Kg7 24. Ng4 f5 25. exf6+ Kf7 26. Qd5+ Ke8 27. Rbe1+ 1-0

[Event "Abe Yanofsky mem U1800"]
[Site "Winnipeg CAN"]
[Date "2011.08.07"]
[Round "5"]
[White "Iomdina, Alexander"]
[Black "Gannon, Keith"]
[Result "0-1"]
[WhiteElo "1410"]
[BlackElo "1607"]
[PlyCount "89"]
[GameId "2160767909649140"]
[EventDate "2011.08.05"]
[EventType "swiss"]
[EventRounds "5"]
[EventCountry "CAN"]
[SourceTitle "EXT 2022"]
[Source "ChessBase"]
[SourceDate "2021.10.06"]
[SourceVersion "1"]
[SourceVersionDate "2021.10.06"]
[SourceQuality "1"]

1. d4 d5 2. c4 e6 3. Nc3 Nf6 4. Bg5 Be7 5. e3 O-O 6. cxd5 exd5 7. Bd3 h6 8. Bh4 Re8 9. Qc2 Nc6 10. a3 a6 11. Nf3 Be6 12. Qb3 Rb8 13. Rc1 b5 14. Bb1 b4 15. axb4 Nxb4 16. Qd1 a5 17. O-O Bg4 18. h3 Bh5 19. Ne2 Ne4 20. Bxe7 Qxe7 21. Nf4 Bxf3 22. Qxf3 c6 23. Bxe4 Qxe4 24. Qxe4 Rxe4 25. Ra1 Ra8 26. Ra4 Ree8 27. Rfa1 Nc2 28. Rc1 Nb4 29. Rc5 Reb8 30. Rcxa5 Rxa5 31. Rxa5 g5 32. Nh5 Nd3 33. Nf6+ Kg7 34. Ng4 Rxb2 35. Ra7 h5 36. Ne5 Nxe5 37. dxe5 Rb1+ 38. Kh2 Kg6 39. Rd7 Rc1 40. f4 Rc3 41. fxg5 Rxe3 42. Rd6+ Kxg5 43. Rxc6 Rxe5 44. Rc8 Kf4 45. Rf8 0-1

[Event "Abe Yanofsky mem U1800"]
[Site "Winnipeg CAN"]
[Date "2011.08.07"]
[Round "5"]
[White "Milward, David"]
[Black "Swift, Ryne"]
[Result "0-1"]
[WhiteElo "1746"]
[BlackElo "1768"]
[PlyCount "94"]
[GameId "2160767909649141"]
[EventDate "2011.08.05"]
[EventType "swiss"]
[EventRounds "5"]
[EventCountry "CAN"]

1. e4 e5 2. Nf3 Nc6 3. Bb5 a6 4. Ba4 Nf6 5. Qe2 b5 6. Bb3 Be7 7. O-O O-O 8. c3 d6 9. h3 Bb7 10. d3 Na5 11. Bc2 c5 12. Be3 Nc6 13. Nbd2 Qd7 14. d4 exd4 15. cxd4 Nb4 16. Bb1 Nc6 17. d5 Nd8 18. a4 h6 19. Bc2 Ne8 20. Ra2 f5 21. Bf4 fxe4 22. Qxe4 Nf6 23. Qg6 Qe8 24. axb5 Qxg6 25. Bxg6 axb5 26. Rxa8 Bxa8 27. Ra1 Bxd5 28. Ra6 Nc6 29. Nh4 Nh5 30. Bxd6 Bxd6 31. Bxh5 Rf4 32. g3 Ra4 33. Rb6 Ra1+ 34. Nf1 Bc4 35. Rxc6 Rxf1+ 36. Kg2 Bd5+ 37. Kxf1 Bxc6 38. Bf3 Bxf3 39. Nxf3 Kf7 40. Ke2 Ke6 41. Kd3 Kd5 42. Nd2 c4+ 43. Kc2 Bb4 44. Nf1 Be1 45. f4 Ke4 46. Kd1 Ba5 47. Ke2 c3 0-1

[Event "Abe Yanofsky mem U1800"]
[Site "Winnipeg CAN"]
[Date "2011.08.07"]
[Round "5"]
[White "Proulx, Roy"]
[Black "Wolchock, Theo"]
[Result "1-0"]
[WhiteElo "1705"]
[BlackElo "1683"]
[PlyCount "127"]
[GameId "2160767909649142"]
[EventDate "2011.08.05"]
[EventType "swiss"]
[EventRounds "5"]
[EventCountry "CAN"]
[SourceTitle "EXT 2022"]
[Source "ChessBase"]
[SourceDate "2021.10.06"]
[SourceVersion "1"]
[SourceVersionDate "2021.10.06"]
[SourceQuality "1"]

1. e4 c5 2. Nf3 d6 3. d4 cxd4 4. Nxd4 Nf6 5. Nc3 Nc6 6. Nxc6 bxc6 7. Bd3 g6 8. O-O Bg7 9. f4 O-O 10. Qf3 Bb7 11. Be3 c5 12. g4 e6 13. f5 Qe7 14. g5 Nh5 15. f6 Qd7 16. fxg7 Nxg7 17. Qf6 e5 18. Nd5 Bxd5 19. exd5 Qg4+ 20. Kh1 Nh5 21. Qf3 Qh4 22. Rg1 Qb4 23. b3 Rab8 24. Raf1 Qb7 25. Bc4 Qc7 26. a4 Ng7 27. Bd3 Qd7 28. Qg4 Qxg4 29. Rxg4 Nh5 30. Rg2 Rb4 31. Bc4 Kg7 32. Bd2 Rb7 33. Rgf2 f5 34. gxf6+ Rxf6 35. Rxf6 Nxf6 36. Bh6+ Kxh6 37. Rxf6 Rd7 38. Bb5 Rd8 39. Rf7 a5 40. Rd7 Rxd7 41. Bxd7 Kg5 42. Kg2 Kf4 43. Kf2 e4 44. Bb5 g5 45. c3 g4 46. Bc4 h5 47. b4 cxb4 48. cxb4 axb4 49. a5 h4 50. a6 g3+ 51. hxg3+ hxg3+ 52. Kg2 e3 53. a7 b3 54. a8=Q b2 55. Qb7 b1=Q 56. Qxb1 e2 57. Qe1 Kg4 58. Qxe2+ Kf4 59. Qf3+ Ke5 60. Kxg3 Kd4 61. Bb5 Kc5 62. Bc6 Kb6 63. Qb3+ Ka5 64. Qb5# 1-0

[Event "Abe Yanofsky mem U1800"]
[Site "Winnipeg CAN"]
[Date "2011.08.07"]
[Round "5"]
[White "Trinidad, Kris"]
[Black "Manicdao, Tomas"]
[Result "0-1"]
[WhiteElo "1570"]
[BlackElo "1710"]
[PlyCount "105"]
[GameId "2160767909649144"]
[EventDate "2011.08.05"]
[EventType "swiss"]
[EventRounds "5"]
[EventCountry "CAN"]
[SourceTitle "EXT 2022"]
[Source "ChessBase"]
[SourceDate "2021.10.06"]
[SourceVersion "1"]
[SourceVersionDate "2021.10.06"]
[SourceQuality "1"]

1. c4 e6 2. Nf3 c6 3. d4 d5 4. e3 Bd6 5. Be2 Nd7 6. O-O Ngf6 7. b3 O-O 8. Bb2 Ne4 9. Nbd2 f5 10. Re1 h6 11. Ne5 Qh4 12. g3 Qf6 13. Nxd7 Bxd7 14. Nf3 g5 15. Ne5 Qg7 16. f3 Nf6 17. Qc2 Rac8 18. c5 Bxe5 19. dxe5 Ne8 20. Rad1 Nc7 21. Rd2 Be8 22. Red1 Bg6 23. Bd3 a6 24. e4 Qe7 25. exf5 Bxf5 26. Kg2 Rf7 27. b4 Rcf8 28. Bxf5 Rxf5 29. Rf2 Qf7 30. Rdf1 Nb5 31. a4 Na7 32. Qe2 Qe7 33. Kg1 R8f7 34. Bc1 a5 35. g4 Rf4 36. Bxf4 Rxf4 37. Qc2 Kg7 38. b5 Rc4 39. Qb3 cxb5 40. axb5 Qxc5 41. Kg2 Nxb5 42. f4 Rb4 43. Qg3 Nc3 44. fxg5 Ne4 45. gxh6+ Kg6 46. Qf4 Qe7 47. Rc2 b5 48. Rc8 Kh7 49. Rf8 Ng5 50. h4 Rxf4 51. R1xf4 Kxh6 52. R4f6+ Kg7 53. hxg5 0-1

[Event "Abe Yanofsky mem U1800"]
[Site "Winnipeg CAN"]
[Date "2011.08.07"]
[Round "5"]
[White "Trueman, Francis"]
[Black "Reimer, Bruce"]
[Result "1-0"]
[WhiteElo "1447"]
[BlackElo "1669"]
[PlyCount "71"]
[GameId "2160767909649145"]
[EventDate "2011.08.05"]
[EventType "swiss"]
[EventRounds "5"]
[EventCountry "CAN"]
[SourceTitle "EXT 2022"]
[Source "ChessBase"]
[SourceDate "2021.10.06"]
[SourceVersion "1"]
[SourceVersionDate "2021.10.06"]
[SourceQuality "1"]

1. Nf3 g6 2. d3 Bg7 3. Nbd2 e5 4. e4 Ne7 5. g3 c5 6. Bg2 O-O 7. O-O Nbc6 8. c3 d6 9. Re1 Bg4 10. h4 Qd7 11. Kh2 b5 12. Nf1 f5 13. Ne3 Bh5 14. Qb3+ Kh8 15. Ng5 Nd8 16. exf5 Rc8 17. fxg6 Bxg6 18. Bh3 Nf5 19. Nd5 h6 20. Ne4 Qf7 21. Re2 c4 22. Qxb5 cxd3 23. Qxd3 Ne6 24. Qd2 Ne7 25. Nxd6 Qf3 26. Bg2 Qg4 27. Nxe7 Nf4 28. Nxg6+ Qxg6 29. Nxc8 Rxc8 30. gxf4 Rg8 31. Bd5 Rd8 32. c4 Qf6 33. Qe3 exf4 34. Qxf4 Qb6 35. Re6 Qa5 36. Rxh6+ 1-0

[Event "Ahunstic Autumne"]
[Site "Montreal CAN"]
[Date "2011.11.20"]
[Round "1"]
[White "Morin, Louis"]
[Black "Deschesnes, Jean"]
[Result "1/2-1/2"]
[WhiteElo "1864"]
[BlackElo "1612"]
[PlyCount "72"]
[GameId "2160767909573481"]
[EventDate "2011.11.20"]
[EventType "swiss (rapid)"]
[EventRounds "5"]
[EventCountry "CAN"]

1. e4 d5 2. a3 e5 3. exd5 Qxd5 4. Nc3 Qd6 5. g3 Nf6 6. Bg2 c6 7. Nge2 Be7 8. O-O O-O 9. d4 Nbd7 10. dxe5 Qxd1 11. Rxd1 Nxe5 12. b3 Bf5 13. Nd4 Bg4 14. f3 c5 15. fxg4 cxd4 16. Nd5 Nxd5 17. Bxd5 Rac8 18. Bb2 Rfd8 19. Bxb7 Rxc2 20. Bxd4 Rxd4 21. Rxd4 Bc5 22. Rad1 Nxg4 23. h3 Ne3 24. Kh1 Nxd1 25. Rd8+ Bf8 26. Rxd1 Bxa3 27. Rd8+ Bf8 28. Rd7 Re2 29. Bd5 Re7 30. Rxe7 Bxe7 31. Kg2 Bd6 32. Kf3 Kf8 33. g4 Ke7 34. Ke4 f6 35. h4 Bg3 36. h5 h6 1/2-1/2

[Event "Ahunstic Autumne"]
[Site "Montreal CAN"]
[Date "2011.11.20"]
[Round "2"]
[White "Ramaswamy, Kishor"]
[Black "Morin, Louis"]
[Result "1-0"]
[WhiteElo "1932"]
[BlackElo "1864"]
[PlyCount "75"]
[GameId "2160767909573482"]
[EventDate "2011.11.20"]
[EventType "swiss (rapid)"]
[EventRounds "5"]
[EventCountry "CAN"]

1. d4 e5 2. dxe5 Nc6 3. Nf3 Qe7 4. c3 Nxe5 5. Bf4 d6 6. e3 Nf6 7. Be2 h6 8. Nbd2 g5 9. Bg3 Bg7 10. Nxe5 dxe5 11. e4 O-O 12. O-O Rd8 13. Qc2 b6 14. f3 Bb7 15. Nc4 Nh5 16. Rfd1 Nxg3 17. hxg3 Rxd1+ 18. Rxd1 Rd8 19. Rxd8+ Qxd8 20. Ne3 Bf8 21. Nf5 Bc8 22. Bc4 Bxf5 23. exf5 Kg7 24. Qe4 f6 25. Qc6 Bd6 26. Kh2 a5 27. Qe4 Qe8 28. a3 Qh5+ 29. Kg1 Qe8 30. b4 axb4 31. cxb4 Qf8 32. Qe3 Be7 33. Kf1 Bd6 34. g4 Be7 35. Ke2 Kh7 36. Bd5 Qg7 37. Kd3 Bd6 38. Kc4 1-0

[Event "Ahunstic Autumne"]
[Site "Montreal CAN"]
[Date "2011.11.20"]
[Round "3"]
[White "Morin, Louis"]
[Black "Laplante, Sylvain"]
[Result "0-1"]
[WhiteElo "1864"]
[BlackElo "1648"]
[PlyCount "79"]
[GameId "2160767909573483"]
[EventDate "2011.11.20"]
[EventType "swiss (rapid)"]
[EventRounds "5"]
[EventCountry "CAN"]

1. e4 e6 2. d4 d5 3. exd5 exd5 4. Bd3 Bd6 5. Ne2 Nf6 6. Bf4 O-O 7. O-O Be6 8. c3 c5 9. Bxd6 Qxd6 10. dxc5 Qxc5 11. Nd2 Nc6 12. Nb3 Qb6 13. Bc2 Rfe8 14. Ned4 Nxd4 15. Qxd4 Qxd4 16. Nxd4 a6 17. Rfe1 Bd7 18. f3 Kf8 19. Kf2 Rxe1 20. Rxe1 Re8 21. Rxe8+ Kxe8 22. Ke3 Ke7 23. Nf5+ Bxf5 24. Bxf5 Kd6 25. Kd4 g6 26. Bc2 Ng8 27. Bb3 Ne7 28. g4 g5 29. Bc2 h6 30. Ba4 b5 31. Bb3 Nc6+ 32. Ke3 Ke5 33. Bc2 b4 34. Bd3 a5 35. Bb5 bxc3 36. bxc3 Nd8 37. Be8 f6 38. Bd7 Nb7 39. Bf5 Nd6 40. Bd3 0-1

[Event "Ahunstic Autumne"]
[Site "Montreal CAN"]
[Date "2011.11.20"]
[Round "4"]
[White "Nardone, Raul"]
[Black "Morin, Louis"]
[Result "1/2-1/2"]
[WhiteElo "1470"]
[BlackElo "1864"]
[PlyCount "59"]
[GameId "2160767909573484"]
[EventDate "2011.11.20"]
[EventType "swiss (rapid)"]
[EventRounds "5"]
[EventCountry "CAN"]

1. e4 c5 2. c3 d5 3. exd5 Qxd5 4. Nf3 e5 5. c4 Qd6 6. Nc3 Nc6 7. Be2 Nf6 8. O-O Be7 9. b3 O-O 10. Nb5 Qb8 11. Bb2 a6 12. Nc3 Qd6 13. Ng5 Bf5 14. f3 Rad8 15. Nge4 Bxe4 16. fxe4 Qxd2 17. Qxd2 Rxd2 18. Bc1 Rd7 19. Bg5 Nd4 20. Bd1 Ne6 21. Bxf6 Bxf6 22. Nd5 Bd8 23. Bg4 Rd6 24. g3 Ng5 25. Rae1 g6 26. Re2 Nxe4 27. Rxe4 f5 28. Bxf5 Rxf5 29. Rxf5 gxf5 30. Rxe5 1/2-1/2

[Event "Ahuntsic-A"]
[Site "Montreal CAN"]
[Date "2011.04.03"]
[Round "1"]
[White "Deschenes, Jean"]
[Black "Roy, Myriam"]
[Result "1-0"]
[WhiteElo "1626"]
[BlackElo "1576"]
[PlyCount "51"]
[GameId "2160767909779032"]
[EventDate "2011.04.03"]
[EventType "swiss (rapid)"]
[EventRounds "5"]
[EventCountry "CAN"]
[SourceTitle "EXT 2013"]
[Source "ChessBase"]
[SourceDate "2012.11.22"]
[SourceVersion "1"]
[SourceVersionDate "2012.11.22"]
[SourceQuality "1"]

1. d4 d5 2. Nf3 Nf6 3. e3 e6 4. Bd3 c5 5. c3 Nc6 6. Nbd2 Bd6 7. O-O O-O 8. dxc5 Bxc5 9. e4 dxe4 10. Nxe4 Nxe4 11. Bxe4 Qxd1 12. Rxd1 Ne7 13. Bf4 f5 14. Bc2 Nd5 15. Be5 b5 16. Nd4 a6 17. Bb3 Bxd4 18. Rxd4 Bb7 19. a4 Rfc8 20. g4 Rf8 21. Bd6 Rf7 22. Re1 Re8 23. Bxd5 Bxd5 24. Rxd5 Rd7 25. gxf5 exf5 26. Rxe8+ 1-0

[Event "Ahuntsic-A"]
[Site "Montreal CAN"]
[Date "2011.04.03"]
[Round "1"]
[White "Robichaud, Louis"]
[Black "Gauthier, Denis"]
[Result "1-0"]
[WhiteElo "1983"]
[BlackElo "1661"]
[PlyCount "43"]
[GameId "2160767909779034"]
[EventDate "2011.04.03"]
[EventType "swiss (rapid)"]
[EventRounds "5"]
[EventCountry "CAN"]
[SourceTitle "EXT 2013"]
[Source "ChessBase"]
[SourceDate "2012.11.22"]
[SourceVersion "1"]
[SourceVersionDate "2012.11.22"]
[SourceQuality "1"]

1. e4 d5 2. exd5 Nf6 3. d4 Bg4 4. Nf3 Qxd5 5. Be2 Nc6 6. O-O e6 7. h3 Bh5 8. c4 Qd6 9. Be3 Be7 10. Nbd2 O-O-O 11. Qb3 h6 12. c5 Qd5 13. Bc4 Qf5 14. Bd3 Qd5 15. Bc4 Qf5 16. Bb5 g5 17. Bxc6 bxc6 18. Ne5 g4 19. Qc4 Kb7 20. Nb3 gxh3 21. Na5+ Ka8 22. Qa6 1-0

[Event "Ahuntsic-A"]
[Site "Montreal CAN"]
[Date "2011.04.03"]
[Round "1"]
[White "Tremblay, Alain"]
[Black "Dominique, Vladimir"]
[Result "1/2-1/2"]
[WhiteElo "1923"]
[BlackElo "1536"]
[PlyCount "68"]
[GameId "2160767909779035"]
[EventDate "2011.04.03"]
[EventType "swiss (rapid)"]
[EventRounds "5"]
[EventCountry "CAN"]
[SourceTitle "EXT 2013"]
[Source "ChessBase"]
[SourceDate "2012.11.22"]
[SourceVersion "1"]
[SourceVersionDate "2012.11.22"]
[SourceQuality "1"]

1. Nf3 Nf6 2. d4 d5 3. Bg5 e6 4. Nbd2 Be7 5. e3 h6 6. Bh4 Ne4 7. Bxe7 Qxe7 8. Bd3 Nxd2 9. Qxd2 O-O 10. h4 c5 11. c3 Nc6 12. Bb5 cxd4 13. cxd4 Bd7 14. a4 Rfd8 15. Bxc6 Bxc6 16. Ne5 Rdc8 17. g4 Qe8 18. g5 h5 19. g6 fxg6 20. b3 Kh7 21. Rg1 Qf8 22. Nxg6 Qf3 23. Ne5 Qe4 24. Nf7 Kg8 25. Nd6 Qxh4 26. Nxc8 Rxc8 27. Rc1 Qh2 28. Ke2 Rf8 29. Qe1 Be8 30. Qf1 h4 31. Qg2 Bh5+ 32. Ke1 Qxg2 33. Rxg2 Bf3 34. Rh2 g5 1/2-1/2

[Event "Ahuntsic-A"]
[Site "Montreal CAN"]
[Date "2011.04.03"]
[Round "1"]
[White "Voskanyan, Vahagn"]
[Black "Luo, Zhao Yang"]
[Result "1-0"]
[WhiteElo "2263"]
[BlackElo "1422"]
[PlyCount "49"]
[GameId "2160767909779036"]
[EventDate "2011.04.03"]
[EventType "swiss (rapid)"]
[EventRounds "5"]
[EventCountry "CAN"]
[SourceTitle "EXT 2013"]
[Source "ChessBase"]
[SourceDate "2012.11.22"]
[SourceVersion "1"]
[SourceVersionDate "2012.11.22"]
[SourceQuality "1"]

1. Nf3 Nf6 2. c4 g6 3. g3 Bg7 4. Bg2 c5 5. Nc3 Nc6 6. d4 cxd4 7. Nxd4 O-O 8. O-O Qb6 9. Nc2 d6 10. Rb1 Be6 11. b3 a5 12. Be3 Qc7 13. h3 Rab8 14. Na4 Nd7 15. Nd4 Nxd4 16. Bxd4 Ne5 17. Nb6 Rfd8 18. Qd2 Bf8 19. Rfd1 Nc6 20. Be3 Bg7 21. Rbc1 Bf5 22. Kh2 e5 23. Nd5 Qd7 24. Bg5 Rf8 25. Bf6 1-0

[Event "Ahuntsic-A"]
[Site "Montreal CAN"]
[Date "2011.04.03"]
[Round "1"]
[White "Yun, Chang"]
[Black "Pachah, Parwiz"]
[Result "1-0"]
[WhiteElo "1272"]
[BlackElo "1722"]
[PlyCount "54"]
[GameId "2160767909779037"]
[EventDate "2011.04.03"]
[EventType "swiss (rapid)"]
[EventRounds "5"]
[EventCountry "CAN"]
[SourceTitle "EXT 2013"]
[Source "ChessBase"]
[SourceDate "2012.11.22"]
[SourceVersion "1"]
[SourceVersionDate "2012.11.22"]
[SourceQuality "1"]

1. e4 c5 2. Nf3 Nc6 3. d4 cxd4 4. Nxd4 g6 5. c4 Bg7 6. Be3 d6 7. Nc3 Nf6 8. f3 Bd7 9. Qd2 h5 10. Be2 a6 11. Rc1 Rc8 12. O-O h4 13. Nd5 Ne5 14. Nb3 Nxd5 15. exd5 O-O 16. h3 e6 17. f4 exd5 18. cxd5 Bxh3 19. fxe5 Rxc1 20. Rxc1 Bf5 21. exd6 h3 22. g3 Qxd6 23. Bf4 Qf6 24. Kh2 Re8 25. Bf3 Bc8 26. Nc5 b6 27. Ne4 Qxb2 1-0

[Event "Ahuntsic-A"]
[Site "Montreal CAN"]
[Date "2011.04.03"]
[Round "2"]
[White "Deschesnes, Jean"]
[Black "Robichaud, Louis"]
[Result "0-1"]
[WhiteElo "1626"]
[BlackElo "1983"]
[PlyCount "54"]
[GameId "2160767909779038"]
[EventDate "2011.04.03"]
[EventType "swiss (rapid)"]
[EventRounds "5"]
[EventCountry "CAN"]

1. b3 d5 2. Bb2 Nf6 3. e3 Bf5 4. f4 e6 5. Nf3 Bd6 6. Be2 O-O 7. O-O c5 8. Nh4 Nc6 9. Nxf5 exf5 10. Qe1 Re8 11. Bb5 d4 12. Bxc6 bxc6 13. Qh4 Nd5 14. Qg3 Bf8 15. exd4 cxd4 16. Bxd4 Nb4 17. Qc3 Nxc2 18. Be3 Nxa1 19. Qxa1 Qa5 20. Rc1 Rad8 21. Nc3 Bc5 22. Re1 Rxd2 23. Bxc5 Qxc5+ 24. Kh1 Red8 25. Re5 Qf2 26. Qg1 Qxf4 27. Qe1 Qxe5 0-1

[Event "Ahuntsic-A"]
[Site "Montreal CAN"]
[Date "2011.04.08"]
[Round "2"]
[White "Nunez, Omar"]
[Black "Voskanyan, Vahagn"]
[Result "0-1"]
[WhiteElo "1793"]
[BlackElo "2263"]
[PlyCount "47"]
[GameId "2160767909779041"]
[EventDate "2011.04.03"]
[EventType "swiss (rapid)"]
[EventRounds "5"]
[EventCountry "CAN"]
[SourceTitle "EXT 2013"]
[Source "ChessBase"]
[SourceDate "2012.11.22"]
[SourceVersion "1"]
[SourceVersionDate "2012.11.22"]
[SourceQuality "1"]

1. e4 c6 2. d3 d5 3. Nd2 g6 4. g3 Bg7 5. Bg2 e5 6. Ngf3 Ne7 7. O-O O-O 8. Re1 Qc7 9. c3 h6 10. Qc2 Be6 11. a4 Nd7 12. b3 Rfe8 13. Bb2 Rad8 14. Rac1 Nc5 15. Nxe5 dxe4 16. d4 Bf5 17. Nxe4 Bxe5 18. dxc5 Nd5 19. c4 Nb4 20. Bxe5 Qxe5 21. Qc3 Qxc3 22. Nxc3 Nd3 23. Rxe8+ Rxe8 24. Rd1 0-1